• 首页
  • 本馆介绍
  • 公告通知
  • 最新文献
  • 馆藏检索
  • 电子资源
  • 读者导购
  • 参考咨询
  • 我的图书馆
  • 登录
  • 详细信息显示
  • 放入我的书架
  • 预约/预借图书
  • 作者相关作品
  • 分类相关作品
  • 丛书相关作品
  • 出版社相关作品

书目信息

  • 表格格式
  • 工作单格式
  • 卡片格式
题名:
盐湖科学概论
    
 
作者: 郑绵平 , 邓天龙 , 奥伦 主编
分册:  
出版信息: 北京   科学出版社  2018
页数: 179页
开本: 26cm
丛书名:
单 册:
中图分类: P941.78
科图分类:
主题词: 盐湖--概论
电子资源:
ISBN: 978-7-03-058409-0
000 01105nam0 2200289 45
001 012001003553
005 20140102114502.0
010    @a978-7-03-058409-0@dCNY124.00
099    @aCAL 012018178932
100    @a20180911d2018 em y0chiy50 ea
101 0  @achi@aeng
102    @aCN@b110000
105    @aabcka 000yy
106    @ar
200 1  @a盐湖科学概论@Ayan hu ke xue gai lun@d= Introduction to salt lake sciences@f主编郑绵平, 邓天龙, 阿哈龙·奥伦@zeng
210    @a北京@c科学出版社@d2018
215    @a179页@c图, 地图, 肖像@d26cm
320    @a有书目
330    @a本书由国际盐湖科学各领域专家撰写, 对盐湖科学各领域的最新研究和发展按照研究领域进行划分和整理, 涉及地质、生物、生态、化学、化工等多学科, 充分体现了盐湖科学领域的活跃性和宽泛性, 展现了不同的学术思想和创新理念。
510 1  @aIntroduction to salt lake sciences@zeng
606 0  @a盐湖@x概论
690    @aP941.78@v5
701  0 @a郑绵平@4主编@Azheng mian ping
701  0 @a邓天龙@4主编@Adeng tian long
701  1 @a奥伦@c(Oren, Aharon)@4主编@Aao lun
801  0 @aCN@b北京卓展@c20191020
905    @b1212077-8@dP941.78@e187@f2
    
    盐湖科学概论= Introduction to salt lake sciences/主编郑绵平, 邓天龙, 阿哈龙·奥伦.-北京:科学出版社,2018
    179页:图, 地图, 肖像;26cm
    
    
    ISBN 978-7-03-058409-0:CNY124.00
    本书由国际盐湖科学各领域专家撰写, 对盐湖科学各领域的最新研究和发展按照研究领域进行划分和整理, 涉及地质、生物、生态、化学、化工等多学科, 充分体现了盐湖科学领域的活跃性和宽泛性, 展现了不同的学术思想和创新理念。
●
相关链接 在E读中查询图书 在五车中查询图书 在当当中查询图书 在豆瓣中查询图书


正题名:盐湖科学概论     索取号:P941.78/187         预约/预借

序号 登录号 条形码 馆藏地/架位号 状态 备注
1 1212077   212120774   第二样本阅览室/ [索取号:P941.78/187] 在馆    
2 1212078   212120783   第三借阅区/ [索取号:P941.78/187] 在馆    
欢迎您!
大连网信软件有限公司© 版权所有